Normal view
MARC view
- BERTOLIM, GARY R
Entry Personal Name
001 - CONTROL NUMBER
- control field: 84925
003 - CONTROL NUMBER IDENTIFIER
- control field: NUST
005 - DATE AND TIME OF LATEST TRANSACTION
- control field: 20211123123213.0
008 - FIXED-LENGTH DATA ELEMENTS
- fixed length control field: 211123|| aca||aabn | a|a d
040 ## - CATALOGING SOURCE
- Original cataloging agency: NUST
- Transcribing agency: NUST
100 ## - HEADING--PERSONAL NAME
- Personal name: BERTOLIM, GARY R
670 ## - SOURCE DATA FOUND
- Source citation: Work cat.: (NUST): BERTOLIM, GARY R., FUNDAMANTAL OF GHRAPHIC COMMUNICATION /, 2011.
